Govt. of
Madhya Pradesh

Munuswamy, L (Record no. 6234)

MARC details
000 -LEADER
fixed length control field 004230000a22001810004500
003 - CONTROL NUMBER IDENTIFIER
control field MACL
005 - DATE AND TIME OF LATEST TRANSACTION
control field 20150828143439.0
008 - FIXED-LENGTH DATA ELEMENTS--GENERAL INFORMATION
fixed length control field 150828b xxu||||| |||| 00| 0 eng d
040 ## - CATALOGING SOURCE
Original cataloging agency MACL
Transcribing agency MACL
041 ## - LANGUAGE CODE
Language code of text/sound track or separate title Enlglish
082 ## - DEWEY DECIMAL CLASSIFICATION NUMBER
Classification number 740/MUN
100 ## - MAIN ENTRY--PERSONAL NAME
Personal name Munuswamy, L
9 (RLIN) 7876
245 ## - TITLE STATEMENT
Title Munuswamy, L
260 ## - PUBLICATION, DISTRIBUTION, ETC. (IMPRINT)
Name of publisher, distributor, etc. Lalit Kala Academy
Date of publication, distribution, etc. 1985
Place of publication, distribution, etc. New Delhi
350 ## - PRICE (NR) (BK AM CF MU VM SE) [OBSOLETE]
Price 20
650 ## - SUBJECT ADDED ENTRY--TOPICAL TERM
Topical term or geographic name as entry element Drawings
9 (RLIN) 7738
942 ## - ADDED ENTRY ELEMENTS (KOHA)
Koha item type Books
Call number prefix 740
Source of classification or shelving scheme
Holdings
Withdrawn status Lost status Source of classification or shelving scheme Damaged status Not for loan Home library Current library Date acquired Cost, normal purchase price Total Checkouts Full call number Barcode Date last seen Uniform Resource Identifier Price effective from Koha item type
          MACL MACL 28/08/2015 20.00   740/MUN CRE003655 02/05/2024 6175 15/04/2015 Books